MARC

LEADER 00000nam a2200000Ia 4500
001 23751
008 160829s2012 xx 000 0 cat d
017 |a DL B.31578-2012 
080 |a FU-62-38 
245 |a L'empedrat de Morou :  |b  Parc Natural Montseny :  |b  reserva de la biosfera 
260 |a Barcelona :  |b Diputació de Barcelona. Àrea de Territori i Sostenibilitat. Gerència de Serveis d'Espais Naturals,  |c 2012 
300 |a 1 f. plegat en 3 parts ;  |c 20 cm 
490 |a Excursions senyalitzades 
650 |a Parc Natural del Montseny (Catalunya)  |x Excursionisme  |9 49692 
710 1 |a Barcelona (Catalunya : Província).  |b Gerència de Serveis d’Espais Naturals  |9 52730 
710 1 |a Girona (Catalunya : Província).  |b Diputació  |9 11479 
901 |a Arxiu 
942 |n 1 
952 |0 0  |1 0  |4 0  |6 FU6238  |7 1  |9 55759  |a Arxiu  |b Arxiu  |d 2016-12-01  |l 0  |o FU-62-38  |p 23751  |r 2016-12-01 00:00:00  |w 2016-12-01  |y ARXIU 
999 |c 59632  |d 59632